Relancer votre carrière avec le plan de formation individuel une nouvelle dynamique personnelle

Enregistré dans:
Détails bibliographiques
Auteur principal: Alliot, Agnes
Format: Livre
Langue:français
Publié: Paris DUNOD 1992
Sujets:
Tags: Ajouter un tag
Pas de tags, Soyez le premier à ajouter un tag!

MARC

LEADER 00000nam$a2200000$$$4500
001 0112967
005 20221205071653.2
020 |a 2-10-001528-1 
041 0 |a fre 
044 |a FR 
245 1 0 |a Relancer votre carrière avec le plan de formation individuel  |b une nouvelle dynamique personnelle  |c Agnes Alliot 
264 1 |a Paris  |b DUNOD  |c 1992 
300 |a 210 s. 
610 2 0 |a schopnosti pracovné 
610 2 0 |a úspech pracovný 
610 2 0 |a kariéra 
100 1 |a Alliot, Agnes